000 00743nam a2200241Ia 4500
003 OSt
005 20220918110922.0
006 a|||||r|||| 00| 0
007 ta
008 220915b |||||||| |||| 00| 0 hin d
024 _a240593
037 _cReference Collections
040 _aARTS
_cARTS
_bhin
041 _2hin
_ahin
082 _aO152,1I80k, P5 (RR)
100 _aकिशोर, आशा
_910201
245 0 _aजायसी कोश
246 _aJāyasī kosha
260 _aनई दिल्ली
_bप्रकाशन संस्थान
_c2005
300 _a348पृ0
942 _hO152,1I80k, P5 (RR)
_cREF
999 _c115741
_d115741